Gujarat reclaim and rubber products: The complete recycle (Record no. 60204)

MARC details
000 -LEADER
fixed length control field 00356nam a2200133Ia 4500
245 #0 - TITLE STATEMENT
Title Gujarat reclaim and rubber products: The complete recycle
260 ## - PUBLICATION, DISTRIBUTION, ETC. (IMPRINT)
Name of publisher Indian Rubber Journal
Year of publication 2003
300 ## - PHYSICAL DESCRIPTION
Number of Pages 17-Dec
650 ## - SUBJECT ADDED ENTRY--TOPICAL TERM
Topical Term Reclaim
650 ## - SUBJECT ADDED ENTRY--TOPICAL TERM
Topical Term Rubber industry
650 ## - SUBJECT ADDED ENTRY--TOPICAL TERM
Topical Term Rubber products
942 ## - ADDED ENTRY ELEMENTS (KOHA)
Koha item type Journals
Holdings
Withdrawn status Lost status Damaged status Not for loan Home library Current library Shelving location Date acquired Serial Enumeration / chronology Koha item type
      Journals RRII Library RRII Library Rubber general 17/12/2021 Volume 74, Issue Se-Oc Journals